000 00794nmm a2200277 a 4500
003 AR-BaBNM
005 20251128203842.0
008 146019s1972 ||||||||||||||000 | spa||
040 _cAR-BaBNM
100 1 _aGammalsson, Hialmar Edmundo
245 1 0 _aJosé Hernández
_bubicación histórica, trayectoria, motivaciones ideológicas
260 _aBuenos Aires
_bPlus Ultra
_c1972
300 _a173 p.
_bil., gráfs.
504 _aContiene bibliografía y cuadros genealógicos
650 4 _aHISTORIA ARGENTINA
650 4 _aBIOGRAFIAS
650 4 _aGENEALOGIA
650 4 _aLITERATURA
650 4 _aPOLITICA
650 4 _aHISTORIA DE LAS IDEAS
651 4 _aArgentina
655 _aBIOGRAFIAS
700 1 _aPueyrredón, Victoria
_eprologuista
942 _cBK
998 _cEnrique
999 _c5183
_d5183